Which Disney Princess........? - Statistics

General Stats
  • This quiz has been taken 485 times
  • The average score is 14 of 15
Answer Stats
Hint Answer % Correct
Builds an ice castle Elsa
99%
Owns a tiger Jasmine
99%
Isn't the main protagonist Jasmine
99%
Loses a shoe Cinderella
97%
Disguises as a boy Mulan
96%
Isn't an actual princess Mulan
96%
Is friends with dwarfs Snow white
96%
Kisses a frog Tiana
94%
Is a bookworm Belle
93%
Wasn't born human Ariel
89%
Hair turns white Anna
88%
Has three brothers Merida
86%
Had the least screen time Aurora
84%
Has a visible tattoo Pocahontas
83%
Has green eyes Rapunzel
83%
No matching quizzes found
Score Distribution
Percent of People with Each Score
Percentile by Number Answered
Your Score History
You have not taken this quiz